| 000 | 02639pam a2200529 i 4500 | ||
|---|---|---|---|
| 001 | 3298026 | ||
| 005 | 20220930130422.0 | ||
| 008 | 220310s2022 nyu 000 1 eng | ||
| 010 | _a 2022004491 | ||
| 020 |
_a9781538721209 _q(hardcover) : _c$28.00 |
||
| 020 |
_a1538721201 : _c$28.00 |
||
| 020 |
_z9781538721186 _q(ebook) |
||
| 035 | _a(OCoLC)1285122380 | ||
| 035 | _a(OCoLC)on1285122380 | ||
| 035 | _a3259981 | ||
| 040 |
_aDLC _beng _erda _cDLC |
||
| 042 | _apcc | ||
| 043 | _an-us-id | ||
| 049 | _aIGAA | ||
| 050 | 0 | 0 |
_aPS3617.U467 _bO43 2022 |
| 082 | 0 | 0 |
_a813/.6 _223 |
| 092 |
_aadult fiction _bQuery |
||
| 100 | 1 |
_aQuery, Matt, _d1989- _eauthor. _96455567 |
|
| 245 | 1 | 0 |
_aOld country / _cMatt Query & Harrison Query. |
| 250 | _aFirst edition. | ||
| 264 | 1 |
_aNew York, NY : _bGrand Central Publishing, _c2022. |
|
| 300 |
_a341 pages ; _c24 cm |
||
| 336 | _atext | ||
| 337 | _aunmediated | ||
| 338 | _avolume | ||
| 520 | _a"Looking to lead a more peaceful life, former Marine Harry and his wife, Sasha, move to rural Idaho and buy an idyllic, remote ranch. Their nearest neighbors, Dan and Lucy Steiner, live over a mile away. But Dan and Lucy warn Harry and Sasha of a malevolent spirit that lives in the valley. Every season, the spirit haunts residents of that part of the Teton Valley in different and diabolical ways. Harry and Sasha are convinced isolation has driven their neighbors mad. That is, until the first of the manifestations appears, challenging everything Harry and Sasha thought they knew about the world we live in. As each season passes, the spirit grows stronger, and each encounter with it becomes more dangerous. Harry and Sasha must figure out how to make peace with the spirit...or be killed by it. Haunting and bone chilling, Old Country is a spellbinding debut in the horror genre"-- | ||
| 650 | 0 |
_aRanches _zIdaho _vFiction. _96455568 |
|
| 650 | 0 |
_aApparitions _vFiction. _95708863 |
|
| 650 | 7 |
_aFICTION / Horror. _2bisacsh _95774405 |
|
| 650 | 7 |
_aFICTION / Ghost. _2bisacsh _95704609 |
|
| 650 | 7 |
_aFICTION / Psychological. _2bisacsh _95675424 |
|
| 651 | 0 |
_aTeton River Valley (Idaho) _vFiction. _96455569 |
|
| 655 | 0 | _aHorror tales. | |
| 655 | 7 |
_aHorror fiction. _2gsafd |
|
| 655 | 7 |
_aNovels. _2lcgft |
|
| 655 | 7 |
_aHorror fiction. _2lcgft |
|
| 700 | 1 |
_aQuery, Harrison, _d1991- _eauthor. _96455570 |
|
| 942 |
_2ddc _cBOOK |
||
| 999 |
_c377598 _d377598 |
||